Quaere Paulum : (Record n. 12370)

Dettagli MARC
000 -LEADER
fixed length control field 00768nam a2200229 i 4500
003 - CONTROL NUMBER IDENTIFIER
control field IT-RoINE
005 - DATE AND TIME OF LATEST TRANSACTION
control field 20190109090752.0
008 - FIXED-LENGTH DATA ELEMENTS--GENERAL INFORMATION
fixed length control field 960722s1981 sp r 10 spa d
020 ## - INTERNATIONAL STANDARD BOOK NUMBER
International Standard Book Number 847299080X
040 ## - CATALOGING SOURCE
Original cataloging agency SpMaBN
Transcribing agency CDM
Modifying agency IT-RoINE
245 00 - TITLE STATEMENT
Title Quaere Paulum :
Remainder of title miscelanea homenaje a Monseñor Doctor Lorenzo Turrado.
260 ## - PUBLICATION, DISTRIBUTION, ETC. (IMPRINT)
Place of publication, distribution, etc Salamanca :
Name of publisher, distributor, etc Universidad Pontifica,
Date of publication, distribution, etc 1981.
300 ## - PHYSICAL DESCRIPTION
Extent 318 p. ;
Dimensions 24 cm.
336 ## - CONTENT TYPE
Source rdacontent
Content type term text
337 ## - MEDIA TYPE
Source rdamedia
Media type term unmediated
338 ## - CARRIER TYPE
Source rdacarrier
Carrier type term volume
490 1# - SERIES STATEMENT
Series statement Bibliotheca Salmanticensis.
-- Estudios ;
Volume number/sequential designation 39
630 #4 - SUBJECT ADDED ENTRY--UNIFORM TITLE
9 (RLIN) 677
Uniform title Biblia
General subdivision Crítica, interpretación, etc.
700 1# - ADDED ENTRY--PERSONAL NAME
9 (RLIN) 4386
Personal name Turrado, Lorenzo,
Dates associated with a name 1910-2003
830 #0 - SERIES ADDED ENTRY--UNIFORM TITLE
9 (RLIN) 3087
Uniform title Bibliotheca Salmanticensis.
Name of part/section of a work Estudios ;
Volume number/sequential designation 39
942 ## - ADDED ENTRY ELEMENTS (KOHA)
Item type Monografías
Dati di copia
Withdrawn status Lost status Damaged status Not for loan Home library Current library Date acquired Total Checkouts Full call number Barcode Date last seen Price effective from Koha item type
        Iglesia Nacional Española en Roma Iglesia Nacional Española en Roma 07/07/2016   COL.A 40.39 27489 07/07/2016 07/07/2016 Monografías